Normal view MARC view
  • Plamenatz, John Petrov

Entry Personal Name

Number of records used in: 1

001 - CONTROL NUMBER

  • control field: 3120

003 - CONTROL NUMBER IDENTIFIER

  • control field: OSt

005 - DATE AND TIME OF LATEST TRANSACTION

  • control field: 20170511091001.0

008 - FIXED-LENGTH DATA ELEMENTS

  • fixed length control field: 170511|| aca||aabn | a|a d

040 ## - CATALOGING SOURCE

  • Original cataloging agency: OSt
  • Transcribing agency: OSt

100 ## - HEADING--PERSONAL NAME

  • Personal name: Plamenatz, John Petrov
  • General subdivision: Bibliography

670 ## - SOURCE DATA FOUND

  • Source citation: Work cat.: (OSt)0: Politik dalam perspektif pemikiran falsafah dan teori /, 1994
Pusat Sumber Maklumat Dato' Haji Sarmin Md Hussin, Akademi Kastam Diraja Malaysia, Melaka
Tel: 06-2331106 | Faks: 06-2313787